| 000 | 00473nam a2200133Ia 4500 | ||
|---|---|---|---|
| 008 | 160809s9999 xx 000 0 und d | ||
| 100 | _aCheng, Long. | ||
| 245 | _aAnalysis of Rising Tutition Rates in The United States Based on Clustering Analysis and Regression Models | ||
| 245 | _cLong Cheng and Chenyu You. | ||
| 260 | _bComputer Science and Information Technology | ||
| 260 | _cMayo-16 | ||
| 650 | _xINFORMATION TECHNOLOGY | ||
| 856 | _uhttp://airccse.org/V6N53.html | ||
| 999 |
_c300099 _d300099 |
||